=LDR 00000nam 2200000 4500 =001 INLIS000000000024753 =005 20130612123323 =008 ***********************************Ind** =035 ##$$0010-061300000024753 =041 ##$$a Ind =082 ##$$a 746.422 =090 ##$$a 746.422, Sar s =100 ##$$a Saraswati =245 ##$$a Seni makrame 2, 3, Saraswati =260 ##$$a 1987 $b Jakarta =300 ##$$a 74 hlm, ilus, 21 cm =650 ##$$a Seni =850 ##$$a NBPNMAT